Responses for show #4119 - Thursday, June 27, 2002

Contestants

Jeremy Horowitz, a lawyer from Santa Monica, California

Missy Montemayor, a health insurance supervisor from King of Prussia, Pennsylvania

John Overholt, a librarian from Austin, Texas (whose 1-day cash winnings total $31,200)

Jeopardy! Round responses

CHINA TOWN
A FEW GOOD MEN
5 "EASY" PIECES
WOLF
THE SHINING
(Alex: And what links all of these together...)
JACK NICHOLSON
    $200 26
Hong Kong

Jeremy
    $200 15
Henry Kissinger

Jeremy
    $200 3
easy go

John
    $200 21
a pack

Jeremy
    $200 8
newspaper

John
    $200 1
One Flew Over the Cuckoo's Nest

Jeremy
    $400 27
Shanghai

Missy
    $400 16
Lou Gehrig

John
    $400 4
The Big Easy

John
    $400 22
(Missy: What is a wolf call?)
[Originally ruled incorrect; reversed before Daily Double at clue 29]

a wolf whistle

MissyJeremy
    $400 9
moonshine

Jeremy
    $400 2
The Andy Griffith Show

Missy
    $600 28
(Alex: After the unrest in Tiananmen Square, [*].)

Beijing

Triple Stumper
    $600 17
Newt Gingrich

Jeremy
    $600 5
easy listening

Missy
    $600 23
Minnesota

John
    $600 11
the Sunshine State

Jeremy
    $600 10
Meryl Streep

Missy
    $600 29
(Missy: What is... Manchuria?)
(Alex: You're not a beer drinker. What is [*] or Tsingtao?)

Qingdao

Missy
    $800 18
Yuri Gagarin

Jeremy
    $800 6
an Easy Bake Oven

Jeremy
    $800 24
Wolf Blitzer

John
    $800 14
"(The Song of) Hiawatha"

Jeremy
    $800 12
the Joker

Jeremy
    $1000 30
Canton

Jeremy
    $1000 19
Theodor Geisel

Jeremy
    $1000 7
(Alex: Yep. You got them all in there. The title is shorter, but that's it.)

"It's So Easy To Fall In Love"

Missy
    $1000 25
the coyote

John
    $1000 20
(Jeremy: What is the Devil?)
(John: Who is the Messiah?)
(Missy: What is Satan?)
...
(Alex: They call him [*], Son of the Morning, Day Star, or Son of Dawn. But not Satan.)

Lucifer

JohnMissyJeremy
Triple Stumper
    $1000 13
The Last Detail

John

Scores at the first commercial break (after clue 15):

John Missy Jeremy
$1,800 $2,600 $3,800

Scores at the end of the Jeopardy! Round:

John Missy Jeremy
$3,600 $1,800 $7,000

Double Jeopardy! Round responses

ART
BEATLES LYRICS
IRREGULARS
BROADCAST NEWS
LITTLE SHOP OF HORRORS
IF THEY MARRIED...
    $400 9
Andy Warhol

John
    $400 1
"Revolution"

Missy
    $400 21
the heart

Jeremy
    $400 18
Iran

Jeremy
    $400 12
Edgar Allan Poe

John
    $400 4
(John: What is Green-Bean?)
(Alex: No, that's incomplete. Missy or Jeremy?)

Rachel Green-Bean

JohnMissy
    $800 10
The Last Supper

Missy
    $800 2
"Taxman"

Missy
    $800 23
a pentagon

Missy
    $800 19
Moscow

John
    $800 13
Rosemary's Baby

Jeremy
    $800 6
Mark Down

Jeremy
    $1200 11
(John: Who are Mickey Mouse & Goofy?)

Mickey Mouse & Donald Duck

John
Triple Stumper
    $1200 3
"Back In The U.S.S.R."

Jeremy
    $1200 24
an irregular verb

Missy
    $1200 20
the Dalai Lama

Jeremy
    $3,000 15
The Amityville Horror

Missy
    $1200 7
(Jeremy: Who is White-Knight?)

Betty White-Knight

JohnJeremy
    $1600 25
(Missy: Who is Mark Rothko?)

Jasper Johns

JohnMissy
    $1600 5
"Help!"

Jeremy
    $4,000 27
the Baker Street Irregulars

John
    $1600 28
the Fed(eral Reserve)

Jeremy
    $1600 16
The Island of Doctor Moreau

John
    $1600 14
Lady Bird Cage

Missy
    $2000 26
George Segal

Triple Stumper
    $2000 8
"Across The Universe"

Missy
    $2000 29
(John: What is a J?)

a W

JohnMissy
    $2000 30
(Missy: Who is Trudeau?)

René Lévesque

Missy
Triple Stumper
    $2000 17
The Monkey's Paw

John
    $2000 22
Crystal Ball

John

Scores at the end of the Double Jeopardy! Round:

John Missy Jeremy
$14,000 $11,200 $13,800

[wagering suggestions for these scores]

Final Jeopardy! Round responses

LITERARY HEROINES
(Alex: [To Jeremy] Gustave Flaubert's heroine.)
...
(Alex: After John Overholt is a librarian, you would think he'd feel pretty confident...)
(John: You would think.)
(Alex: ...about a literary heroine category, but no, Anna Karenina comes up and that will cost you.)
MissyWho is Anna Karenina?
$10,000
JeremyWho is Madame Bovary?
$13,300
JohnWho is Anna Karenina?
$13,900
Madame Bovary

Final scores:

John Missy Jeremy
$100 $1,200 $27,100
3rd place: $1,000 2nd place: $2,000 New champion: $27,100

Game dynamics:

Coryat scores:

John Missy Jeremy
$11,600 $10,000 $13,800
17 R
(including 1 DD),
4 W
16 R
(including 1 DD),
4 W
(including 1 DD)
22 R,
2 W

Combined Coryat: $35,400

The J! Archive is created by fans, for fans. The Jeopardy! game show and all elements thereof, including but not limited to copyright and trademark thereto, are the property of Jeopardy Productions, Inc. and are protected under law. This website is not affiliated with, sponsored by, or operated by Jeopardy Productions, Inc. Join the discussion at JBoard.tv.